00303nam a2200121Ia 4500008004100000082001800041100001800059245003000077250001300107260003700120300000800157650001600165191201s2005 xx 000 0 und d a621.3822bSAD aSalivahanan,S 0aDigital Signal Processing a15th Rep aN.DelhibTata mc Graw Hillc2005 a808 aB.Tech(ECE)